| 000 | 00753nam a22002297a 4500 | ||
|---|---|---|---|
| 999 |
_c2811 _d2811 |
||
| 003 | AR-CdUCM | ||
| 008 | 190305b ||||| |||| 00| 0 spa d | ||
| 040 |
_aMUNICIPALIDAD PROVINCIAL DEL CUSCO _cBIBLIOTECA MUNICIPAL DEL CUSCO |
||
| 082 |
_a985.001 / _bC28 |
||
| 100 |
_aCastillo Gomero, Francisco _99788 |
||
| 245 |
_aCáceres: _bAlma Nacional / |
||
| 260 |
_aPerú : _bOrden de la legion Mariscal Cáceres , _c1991. |
||
| 300 |
_a378 páginas ; _c20.7 cm. |
||
| 440 |
_aInvestigacion Historica - OLMC 1991 _99789 |
||
| 500 | _zBiografia Incisiva de Andres Avelino Cáceres | ||
| 650 |
_aCáceres _99790 |
||
| 650 |
_aPeruanismo _99791 |
||
| 650 |
_aHeroes Nacionales _99792 |
||
| 650 |
_aHeroe Peruano _99793 |
||
| 942 |
_2ddc _cLIBROS |
||
| 945 | _artm | ||